00680nam a22002171a 450000100060000000300080000600500170001400800410003103500190007203500190009104000470011004100080015708200220016510000230018724500590021025000120026926000530028130000210033450400640035565100430041936224BD-RjUL20211209052444.0140618r19631961nyu b 001 0 eng d a(BD-RjUL)36321 a(OCoLC)5767503 aDLCcOCldOCoLCdMoSU-LdDLCdBD-RjULbeng aeng00a320.947bSCR 19631 aScott, Derek J. R.10aRussian political institutions /cby Derek J.R. Scott. a2nd ed. aNew York :bF.A. Praeger,c1961 [Reprinted 1963] a26 5p. ;c20 cm. aIncludes bibliographical references (p. 257-260) and index. 0aSoviet UnionxPolitics and government.